000
00319nam a2200121 a 4500
005
20141022142008.0
008
120228s19uu xx 00 eng d
050
_a
CD-ROM
_b
K38 2006
100
_a
Kennedy, Dan
245
_a
NO B.S. Wealth attraction for entrepreneurs /
_c
Dan Kennedy.
260
_c
2006.
942
_c
AVM
999
_c
276633
_d
276633